000
00292nam a2200121Ia 4500
008
190216s9999||||xx |||||||||||||| ||und||
100
_a
Akkitham Achyuthan Namboodiri
245
0
_a
Balidarshanam
260
_b
P K Brothers
_c
1974
300
_a
50p
650
_a
Malayalam Kavitha
942
_c
BK
999
_c
29892
_d
29892